Tokugawa bakuhansei no kōzō to kaitai,
Saved in:
| Main Author: | |
|---|---|
| Format: | Book |
| Language: | Japanese |
| Published: |
Tōkyō,
Yūshōdō Shoten,
Shōwa 38 [1963]
|
| Subjects: | |
| Tags: |
Add Tag
No Tags, Be the first to tag this record!
|
| LEADER | 00886nam a2200253 4500 | ||
|---|---|---|---|
| 001 | 007763173-0 | ||
| 005 | 20024617120653.0 | ||
| 008 | 910515s1963 ja b 000 0 jpn | ||
| 010 | |a j 65000333 | ||
| 035 | 0 | |a ocm23748056 | |
| 040 | |a DLC |c CLU |d *YNH* |d CStRLIN | ||
| 050 | 0 | |a HC462.6 |b .I7 | |
| 100 | 1 | |6 880-01 |a Irimajiri, Yoshinaga, |d 1908- | |
| 245 | 1 | 0 | |6 880-02 |a Tokugawa bakuhansei no kōzō to kaitai, |c Irimajiri Yoshinaga cho. |
| 260 | |6 880-03 |a Tōkyō, |b Yūshōdō Shoten, |c Shōwa 38 [1963] | ||
| 300 | |a 6, 7, 367 p. |c 22 cm. | ||
| 504 | |a Bibliographical footnotes. | ||
| 650 | 0 | |a Feudalism |z Japan. | |
| 650 | 0 | |a Agriculture |x Economic aspects |z Japan |z Kōchi-han. | |
| 880 | 1 | |6 100-01 |a 入交好脩, |d 1908- | |
| 880 | 1 | 0 | |6 245-02 |a 徳川幕藩制の構造と解体, |c 入交好脩著. |
| 880 | |6 260-03 |a 東京, |b 雄松堂書店, |c 昭和38 [1963] | ||
| 988 | |a 20021214 | ||
| 906 | |0 DLC | ||


